000 00530nam a2200217 4500
999 _c5884
_d5884
003 BD-JhCC
005 20191103134007.0
008 891009s ii a 000 1 eng d
020 _z8121926092
035 _a(BD-JhCC)
040 _aBD-JhCC
_dBD-JhCC
041 _aeng
082 _a823.912
_bSTA
100 1 _aStevenson, R. L.,
245 1 0 _aKidnapped /
_cR. L. Stevenson
260 _aNew Delhi ::
_bS. Chand & Company Ltd,
300 _a114 p ;
_c22 cm
650 _aStorirs
942 _2ddc
_cBK
_05